000 00608nam a22001457a 4500
020 _a978-0-099-51388-9
082 _a823
_bWOD/P
100 _aWODEHOUSE
245 _aPICCADILLY JIM
260 _aLONDON
_bARROW BOOKS
_c2008
300 _a300
520 _aThe plot turns on the Petts' visit to London to fetch Piccadilly Jim home, and on Ann's plot to have Ogden kidnapped and sent to a veterinarian to straighten out his nutritional and exercise habits. Bingley Crocker pretends to be his own butler, and impresses Peter Pett with his knowledge of baseball
650 _aNOVEL
_zUNITED KINGDOM
942 _cBK
999 _c5010
_d5010